Statistics for Real Madrid Top 10 Leaders

Click here to take the quiz!

General Stats

  • This quiz has been taken 447 times
    (391 since last reset)
  • The average score is 9 of 15

Answer Stats

GoalsAppsPlayer% Correct
450438Cristiano Ronaldo
100%
354648Karim Benzema
95%
323741Raúl
91%
101671Sergio Ramos
89%
0725Iker Casillas
84%
307396Alfredo Di Stéfano
79%
242262Ferenc Puskás
69%
127601Fernando Hierro
56%
208282Hugo Sánchez
50%
171463Emilio Butragueño
45%
182600Francisco Gento
39%
172561Pirri
22%
290645Santillana
22%
40710Manuel Sanchís
17%
11577José Antonio Camacho
7%

Score Distribution

Percentile by Number Answered

Percent of People with Each Score

Your Score History

You have not taken this quiz since the last reset